Celeste Breeze Contest Maps - Statistics

General Stats
  • This quiz has been taken 44 times
  • The average score is 40 of 75
Answer Stats
Hint Map Mapper % Correct
Calm Par for the Course Spooooky
93%
Yellow Awake Butcherberries
90%
Green apartment complex in time lea
83%
Green Lönnland Adam Korinek
83%
Calm CELESTE Chapter 6: Badeline Fight Luma
79%
Calm Press Forward Seaze
79%
Green Mechanical Forest BaconFlake007
76%
Yellow Mirage Freeka
76%
Heartside Pumpkin Pinnacle Mappers and Donker19
76%
Green As Autumn Colors Fall Tobyaaa
69%
Calm Breeze Contest map! BeefWolf
69%
Red Dreamy Building furret
69%
Gusty Joyride CrystalGames
69%
Gusty Peribonk tsensaw
69%
Yellow Pressure Tart
69%
Red The Nothing Man (Full Album) Nyan
69%
Red <*> nascence (Formatting sucks.Type the mechanic or word out the symbol.)
66%
Yellow pansear's platforming challenge pansear
66%
Red Revibe MarsBars & Summer
66%
Yellow Battery Saver Haz
62%
Red Blue Emperor ABuffZucchini
62%
Red Childhood Nagkai
62%
Green Club Pinwheel Crispybag
62%
Gusty Dark Void Sere
62%
Yellow Deeper Donker19
62%
Gusty it's as sh🦐rimple as that grog
62%
Green Sunset District BadTie & Chelito
62%
Gusty Airplane Arms Sapphire_Xero
59%
Gusty Assume A Spherical Madeline In A Frictionless Vacuum WarriorSabe
59%
Gusty Deep Down Loasno
59%
Red D.S.C.E.T. Puggyplayz
59%
Green Minimal hennyburgr
59%
Red Past Sense YeetTheTable
59%
Green The Floor Is L.A.V.A. gooseberry
59%
Green hyacinth MelonOfDeWeek
55%
Yellow Shrine of Sol sunsetquasar
55%
Red The Lake Society tear.underscore
55%
Yellow ASMODEUS ETERNAL Worldwaker2
52%
Yellow The Kármán Line Gamesword
52%
Yellow Clementine Clouds Quinnigan
48%
Yellow it all goes downhill from here Phant
48%
Red Last Hike Kazt
48%
Yellow Multi-Instancing Prickles
48%
Green Roundabout Square Fraz
48%
Yellow The City of Goldcrest Aphyllix
48%
Yellow The Ice Age ItsDash16 & zBiel
48%
Yellow Voidbound Moladan
48%
Yellow Brave the Storm Ultrabarkz
45%
Yellow Corrupted Ridge NicolasDreams
45%
Green Fluorescent Lakeside para11a
45%
Red Inconsequential Pazkallan
45%
Green Rainy highlands jpyx258
45%
Yellow Shutting%Down Aster & moonlite
45%
Yellow Symmetry avvi
45%
Green Breath of Fresh Air Brokemia
41%
Red Marble Skies kuksa
41%
Yellow Mercury's Shade CoolBread
41%
Gusty orthogonal wall ocean Aletris
41%
Yellow The Wonderful Outdoors Mr. Glasses
41%
Yellow Erased City andytampan
38%
Green Madeline Goes to the Well at UNC Chapel Hill Xolimono
38%
Green Overlook Lyn
38%
Green Runaway Miichael
38%
Green The Future of Public Transportation Glerg
38%
Red Detour LLLLLLL
34%
Yellow Oblivion City May
34%
Yellow Smoke and Mirrors Soloiini
34%
Yellow Otherworld City Maxinium
31%
Red Saffaiblir SummitBadeline
31%
Red Sunburn Spire VagrantXXI
31%
Green twilight afterglow Earthwise
31%
Yellow Wanderer of a Forgotten World OllieLikesBagels
31%
Green Aspen Cliffs Awinos
28%
Yellow A Windy Winter Walk Theoulupi
28%
Yellow The Abstract Concept of a Shattered Square Daorex
24%
No matching quizzes found
Score Distribution
Percent of People with Each Score
Percentile by Number Answered
Your Score History
You have not taken this quiz